<?xml version="1.0" encoding="UTF-8"?>
<record
    xmlns:xsi="http://www.w3.org/2001/XMLSchema-instance"
    xsi:schemaLocation="http://www.loc.gov/MARC21/slim http://www.loc.gov/standards/marcxml/schema/MARC21slim.xsd"
    xmlns="http://www.loc.gov/MARC21/slim">

  <leader>01870nam a2200301 a 4500</leader>
  <controlfield tag="001">BRCA_2581</controlfield>
  <controlfield tag="005">20190320203856.0</controlfield>
  <controlfield tag="008">271108s1876----sp-#---###---#000-0dspa-u</controlfield>
  <datafield tag="041" ind1=" " ind2=" ">
    <subfield code="a">spa</subfield>
  </datafield>
  <datafield tag="044" ind1=" " ind2=" ">
    <subfield code="a">sp</subfield>
  </datafield>
  <datafield tag="084" ind1=" " ind2=" ">
    <subfield code="a">175</subfield>
    <subfield code="b">.R64</subfield>
    <subfield code="c">1876</subfield>
  </datafield>
  <datafield tag="100" ind1="1" ind2=" ">
    <subfield code="a">Cervantes Saavedra, Miguel de</subfield>
    <subfield code="d">1547-1616</subfield>
    <subfield code="9">213</subfield>
  </datafield>
  <datafield tag="245" ind1="1" ind2="0">
    <subfield code="a">El Ingenioso Hidalgo D. Quijote de la Mancha</subfield>
    <subfield code="c">compuesto por Miguel de Cervantes Saavedra.</subfield>
  </datafield>
  <datafield tag="260" ind1=" " ind2=" ">
    <subfield code="a">C&#xE1;diz</subfield>
    <subfield code="b">Jos&#xE9; Rodr&#xED;guez y Rodr&#xED;guez</subfield>
    <subfield code="c">1876</subfield>
  </datafield>
  <datafield tag="300" ind1=" " ind2=" ">
    <subfield code="a">3 v.</subfield>
    <subfield code="c">21 cm.</subfield>
    <subfield code="e">1 mapa</subfield>
  </datafield>
  <datafield tag="500" ind1=" " ind2=" ">
    <subfield code="a">Contenido : v 1. Vida de Miguel de Cervantes S. por Ram&#xF3;n Le&#xF3;n Mainez. Primera parte. Principios de la edici&#xF3;n pr&#xED;ncipe. Advertencia de Mainez. Dedicatoria del autor. Pr&#xF3;logo de autor. Versos preliminares. Comentarios, notas y ap&#xE9;ndices. Mapa del campo de Montiel en 1575. -- v 2. Notas y ap&#xE9;ndices. Texto. -- v 4. Segunda parte del Ingenioso Caballero D. Quijote de la Mancha. Principios de la edici&#xF3;n pr&#xED;ncipe. Dedicatoria del autor. Pr&#xF3;logo del autor. Ap&#xE9;ndices. Texto. -- v 3. Ap&#xE9;ndices. Texto</subfield>
  </datafield>
  <datafield tag="500" ind1=" " ind2=" ">
    <subfield code="a">Dirigido al Duque de B&#xE9;jar. Impreso por primera vez en Madrid por Juan de la Cuesta el a&#xF1;o de 1605, y ahora de nuevo publicado por vez primera en C&#xE1;diz por Jos&#xE9; Rodr&#xED;guez y Rodr&#xED;guez, bajo la direcci&#xF3;n de Ram&#xF3;n Le&#xF3;n Mainez, director de la Cr&#xF3;nica de los Cervantistas</subfield>
  </datafield>
  <datafield tag="500" ind1=" " ind2=" ">
    <subfield code="a">Ejemplar igual al LO-174. Semipiel; lomeras decoradas con adornos dorados L&#xFA;dovik Osterc</subfield>
  </datafield>
  <datafield tag="500" ind1=" " ind2=" ">
    <subfield code="a">QM168</subfield>
  </datafield>
  <datafield tag="650" ind1="1" ind2="4">
    <subfield code="a">Novela espa&#xF1;ola</subfield>
    <subfield code="y">&#xC9;poca cl&#xE1;sica, 1500-1700</subfield>
    <subfield code="9">215</subfield>
  </datafield>
  <datafield tag="650" ind1="1" ind2="4">
    <subfield code="a">Literatura espa&#xF1;ola</subfield>
    <subfield code="y">&#xC9;poca cl&#xE1;sica, 1500-1700</subfield>
    <subfield code="9">216</subfield>
  </datafield>
  <datafield tag="650" ind1="1" ind2="4">
    <subfield code="a">Novela espa&#xF1;ola</subfield>
    <subfield code="y">Siglo XVII</subfield>
    <subfield code="9">217</subfield>
  </datafield>
  <datafield tag="650" ind1="1" ind2="4">
    <subfield code="a">Don Quijote (Personaje ficticio)</subfield>
    <subfield code="e">Novela</subfield>
    <subfield code="9">218</subfield>
  </datafield>
  <datafield tag="700" ind1="1" ind2=" ">
    <subfield code="a">M&#xE1;inez Fern&#xE1;ndez, Ram&#xF3;n Le&#xF3;n</subfield>
    <subfield code="d">1847-1917</subfield>
    <subfield code="e">Bi&#xF3;grafo</subfield>
    <subfield code="9">7374</subfield>
  </datafield>
  <datafield tag="740" ind1="0" ind2=" ">
    <subfield code="a">El Ingenioso Hidalgo Don Quijote de la Mancha</subfield>
  </datafield>
  <datafield tag="902" ind1=" " ind2=" ">
    <subfield code="a">QFM</subfield>
  </datafield>
  <datafield tag="942" ind1=" " ind2=" ">
    <subfield code="2">lcc</subfield>
    <subfield code="c">B</subfield>
  </datafield>
  <datafield tag="999" ind1=" " ind2=" ">
    <subfield code="c">2321</subfield>
    <subfield code="d">2321</subfield>
  </datafield>
  <datafield tag="952" ind1=" " ind2=" ">
    <subfield code="0">0</subfield>
    <subfield code="1">0</subfield>
    <subfield code="4">0</subfield>
    <subfield code="7">0</subfield>
    <subfield code="a">BRCA</subfield>
    <subfield code="b">BRCA</subfield>
    <subfield code="d">2008-11-27</subfield>
    <subfield code="i">QM168</subfield>
    <subfield code="l">0</subfield>
    <subfield code="o">175 .R64 1876 (QM168)</subfield>
    <subfield code="p">2578</subfield>
    <subfield code="r">2019-03-22 00:00:00</subfield>
    <subfield code="w">2019-03-22</subfield>
    <subfield code="y">B</subfield>
  </datafield>
</record>
